Sports Quiz

Random Sports or Clickable Quiz

Multi-Category Minefield Blitz: MLB Quiz Stats

 Plays Quiz Updated May 21, 2019

Score 0/25 Timer 01:00
177 Plays Today
% Correct
???
62.6%
???
62.4%
???
62.2%
???
62.1%
???
62%
???
62%
???
62%
???
61.9%
???
61.8%
???
61.4%
???
61.3%
???
61.3%
???
61.1%
% Correct
???
61%
???
61%
???
60.8%
???
60.7%
???
60.5%
???
60.5%
???
60.5%
???
60.3%
???
60.2%
???
60.2%
???
60.2%
???
58.5%

You're not logged in!

Compare scores with friends on all Sporcle quizzes.
OR
Log In

Sporcle TV

Today on Sporcle TV


Watch our educational content, quiz creation guides, and fun videos on Sporcle TV.

Show Comments

Extras

Top Quizzes Today


Score Distribution

Your Account Isn't Verified!

In order to create a playlist on Sporcle, you need to verify the email address you used during registration. Go to your Sporcle Settings to finish the process.

Report this User

Report this user for behavior that violates our Community Guidelines.

Details: